Click the World Capitals on a Map - Sudden Death - Statistics

General Stats
  • This quiz has been taken 2,059 times
  • The average score is 20 of 195
Answers on the Map
Answers color-coded by a green-red scale on the quiz's map according to % correct below.
 
Answer Stats
Answer % Correct
London
19%
Cairo
18%
Havana
18%
Mexico City
18%
Moscow
18%
Ottawa
18%
Warsaw
18%
Washington D.C.
18%
Athens
17%
Helsinki
17%
Kabul
17%
Kyiv
17%
Phnom Penh
17%
Astana
16%
Beijing
16%
Brasília
16%
Brussels
16%
Dhaka
16%
Dublin
16%
Lisbon
16%
Manila
16%
New Delhi
16%
Paris
16%
Pyongyang
16%
Reykjavík
16%
Algiers
15%
Andorra la Vella
15%
Ankara
15%
Bangkok
15%
Berlin
15%
Bogotá
15%
Buenos Aires
15%
Canberra
15%
Copenhagen
15%
Madrid
15%
Minsk
15%
Nicosia
15%
Quito
15%
Rome / Vatican
15%
Seoul
15%
Singapore
15%
Stockholm
15%
Taipei
15%
Tokyo
15%
Abu Dhabi
14%
Addis Ababa
14%
Baghdad
14%
Bern
14%
Djibouti
14%
Jakarta
14%
Kuala Lumpur
14%
La Paz or Sucre
14%
Monaco
14%
Montevideo
14%
Muscat
14%
Nairobi
14%
Nassau
14%
Oslo
14%
Pretoria, Cape Town,
or Bloemfontein
14%
San Marino
14%
Tehran
14%
Tunis
14%
Valletta
14%
Amsterdam
13%
Belmopan
13%
Caracas
13%
Hanoi
13%
Islamabad
13%
Kathmandu
13%
Khartoum
13%
Lima
13%
Riyadh
13%
Tbilisi
13%
Antananarivo
12%
Bucharest
12%
Kinshasa
12%
Kuwait City
12%
Luxembourg
12%
Mogadishu
12%
Panama City
12%
Port-au-Prince
12%
Rabat
12%
Sana'a
12%
Tallinn
12%
Tripoli
12%
Ulaanbaatar
12%
Wellington
12%
Asunción
11%
Damascus
11%
Dili
11%
Guatemala City
11%
Kampala
11%
Santiago
11%
São Tomé
11%
Vientiane
11%
Windhoek
11%
Yerevan
11%
Abuja
10%
Bandar Seri Begawan
10%
Doha
10%
Luanda
10%
N'Djamena
10%
Paramaribo
10%
Port Moresby
10%
Thimphu
10%
Ashgabat
9%
Baku
9%
Brazzaville
9%
Budapest
9%
Chișinău
9%
Dakar
9%
Jerusalem
9%
Kingston
9%
Naypyidaw
9%
Ouagadougou
9%
San Salvador
9%
Santo Domingo
9%
Sofia
9%
Sri Jayawardenepura Kotte
9%
Vaduz
9%
Vienna
9%
Vilnius
9%
Accra
8%
Amman
8%
Beirut
8%
Belgrade
8%
Harare
8%
Malé
8%
Moroni
8%
Nouakchott
8%
Prague
8%
Riga
8%
San José
8%
Tegucigalpa
8%
Tirana
8%
Yamoussoukro
8%
Asmara
7%
Bamako
7%
Bissau
7%
Bratislava
7%
Juba
7%
Kigali
7%
Lilongwe
7%
Managua
7%
Manama
7%
Maputo
7%
Niamey
7%
Praia
7%
Suva
7%
Victoria
7%
Yaoundé
7%
Bishkek
6%
Dushanbe
6%
Gaborone
6%
Georgetown
6%
Lusaka
6%
Port Louis
6%
Bangui
5%
Banjul
5%
Bridgetown
5%
Dodoma
5%
Ljubljana
5%
Lomé
5%
Mbabane
5%
Monrovia
5%
Porto-Novo or Cotonou
5%
South Tarawa
5%
Tashkent
5%
Zagreb
5%
Freetown
4%
Gitega
4%
Honiara
4%
Libreville
4%
Majuro
4%
Maseru
4%
Ngerulmud
4%
Port-of-Spain
4%
Sarajevo
4%
Apia
3%
Conakry
3%
Funafuti
3%
Kingstown
3%
Malabo
3%
Nukuʻalofa
3%
Palikir
3%
Podgorica
3%
Port Vila
3%
Pristina
3%
Saint John's
3%
Castries
2%
Skopje
2%
Yaren
2%
Basseterre
1%
Roseau
1%
Saint George's
1%
No matching quizzes found
Score Distribution
Percent of People with Each Score
Percentile by Number Answered
Your Score History
You have not taken this quiz